| 000 | 00902nam a22002657a 4500 | ||
|---|---|---|---|
| 001 | 7710 | ||
| 003 | FISKH | ||
| 005 | 20250731154825.0 | ||
| 008 | 250731b cb ||||| |||| 00| 0 eng d | ||
| 020 | _a9788184517071 | ||
| 040 |
_aFISKH _beng _cFISKH _dFISKH |
||
| 050 | _aPZ7 | ||
| 082 | _a823.912 | ||
| 100 | _aAnonymous | ||
| 245 |
_aPeter Pan : _bFancy story book / |
||
| 260 |
_aNew Delhi : _bDreamland Publications, _c2016. |
||
| 300 |
_a10 unnumbered pages : _bcolor illustrations ; _c25 cm |
||
| 505 | _aK | ||
| 520 | _aFancy story board book - peter pan - a beautiful classic story presented with magical illustrations that bring a child’s imagination to life. The simple language make the story pleasure to read. | ||
| 521 | 8 |
_a510
_bLexile estimate |
|
| 521 | 8 |
_aK
_bRaz-Plus |
|
| 650 |
_aClassic Tale _vAdventure _xImagination |
||
| 942 |
_2ddc _cBK _n0 |
||
| 999 |
_c7710 _d7710 |
||